00214nam a2200097Ia 4500008004100000041000800041100003000049245001600079260001300095365000800108231011s9999 xx 000 0 und d aeng aKoontz O Donnel Weihrich. aManagement. bM.G.H. - b112